000
00286nam a2200121Ia 4500
005
20251222143231.0
008
251222s9999||||xx |||||||||||||| ||spa||
082
_a
850.9/R81/T.III
100
_a
Romano, Massinmo
245
0
_a
Il Giaco della Funzione.
264
_b
Talia
942
_c
LIB
999
_c
14206
_d
14206